[Event "Amsterdam IBM I"]
[Site "?"]
[Date "1980.??.??"]
[Round "1"]
[White "Borm, Frans"]
[Black "Ree, Hans"]
[Result "0-1"]
[WhiteElo "2355"]
[BlackElo "2520"]
[PlyCount "120"]
[EventDate "1980.??.??"]

1. e4 c5 2. Nf3 e6 3. d4 cxd4 4. Nxd4 Nf6 5. Nc3 d6 6. Be2 Be7 7. O-O O-O 8. f4
a6 9. Be3 Qc7 10. Kh1 b5 11. e5 Ne8 12. Bd3 Nd7 13. Qf3 Bb7 14. Qh3 g6 15. f5
exf5 16. e6 Nc5 17. Nxf5 gxf5 18. Qxf5 Nf6 19. Bd4 fxe6 20. Qg5+ Kh8 21. Rxf6
Bxf6 22. Bxf6+ Rxf6 23. Qxf6+ Qg7 24. Qxg7+ Kxg7 25. Bf1 d5 26. Kg1 e5 27. Nd1
Rc8 28. Ne3 Rc7 29. Rd1 d4 30. Ng4 Ne6 31. c3 b4 32. cxd4 exd4 33. Ne5 Rc2 34.
Nd3 a5 35. Rc1 Rd2 36. Re1 Bd5 37. b3 Rxa2 38. Re5 Bxb3 39. Nc1 a4 40. Nxa2
Bxa2 41. Rb5 a3 42. Rxb4 Bd5 43. Ra4 a2 44. Bd3 Nc5 45. Ra7+ Kf6 46. Bc2 d3 47.
Bd1 d2 48. Kf2 Bb3 49. Bxb3 Nxb3 50. Ke2 a1=Q 51. Rxa1 Nxa1 52. Kxd2 Nb3+ 53.
Ke3 Nc5 54. Kf4 Ne6+ 55. Kg4 Kg6 56. g3 Ng7 57. Kf4 Kh5 58. h3 Ne6+ 59. Kf5 Ng5
60. h4 Nh3 0-1

[Event "Amsterdam IBM I"]
[Site "?"]
[Date "1980.??.??"]
[Round "1"]
[White "Hofland, Leo"]
[Black "Unzicker, Wolfgang"]
[Result "1/2-1/2"]
[WhiteElo "2300"]
[BlackElo "2510"]
[PlyCount "35"]
[EventDate "1980.??.??"]

1. c4 e6 2. Nf3 Nf6 3. g3 b6 4. Bg2 Bb7 5. O-O Be7 6. b3 O-O 7. Bb2 c5 8. Nc3
d5 9. cxd5 Nxd5 10. Nxd5 Bxd5 11. Rc1 Nd7 12. d4 Nf6 13. Ne5 Bxg2 14. Kxg2 Qd5+
15. Kg1 Qb7 16. dxc5 Bxc5 17. Rc4 Rad8 18. Qc1 1/2-1/2

[Event "Amsterdam IBM I"]
[Site "?"]
[Date "1980.??.??"]
[Round "1"]
[White "Panno, Oscar"]
[Black "Langeweg, Kick"]
[Result "1/2-1/2"]
[WhiteElo "2540"]
[BlackElo "2425"]
[PlyCount "80"]
[EventDate "1980.??.??"]

1. Nf3 Nf6 2. c4 c5 3. Nc3 Nc6 4. d4 cxd4 5. Nxd4 e6 6. g3 Bc5 7. Nb3 Bb4 8.
Bg2 d5 9. cxd5 Nxd5 10. Qc2 O-O 11. Bd2 Nxc3 12. Bxc3 Qe7 13. O-O Bd7 14. Bxb4
Qxb4 15. Rfd1 Rfd8 16. Qc5 Qb6 17. Rd6 Be8 18. Rad1 Rxd6 19. Rxd6 Rc8 20. Qxb6
axb6 21. f4 Kf8 22. Kf2 Ke7 23. Rd2 f6 24. Rc2 Rd8 25. a3 Bg6 26. Rc1 Rd6 27.
Ke3 e5 28. Nd2 exf4+ 29. gxf4 Bh5 30. Ne4 Rd8 31. Ng3 Be8 32. h4 g6 33. Be4 f5
34. Bf3 Kf6 35. Nf1 Bf7 36. Nd2 Bd5 37. Bxd5 Rxd5 38. b4 Rd7 39. Nc4 Rd4 40.
Kf3 b5 1/2-1/2

[Event "Amsterdam IBM I"]
[Site "?"]
[Date "1980.??.??"]
[Round "1"]
[White "Rogoff, Kenneth"]
[Black "Ligterink, Gert"]
[Result "1/2-1/2"]
[WhiteElo "2520"]
[BlackElo "2455"]
[PlyCount "65"]
[EventDate "1980.??.??"]

1. c4 c5 2. Nf3 Nf6 3. Nc3 Nc6 4. e3 d5 5. d4 e6 6. cxd5 exd5 7. Be2 cxd4 8.
Nxd4 Bd6 9. O-O O-O 10. b3 Be5 11. Nxc6 bxc6 12. Bb2 Qd6 13. g3 Bh3 14. Re1
Rfe8 15. Bf3 Rad8 16. Rc1 c5 17. Ba3 Bxc3 18. Rxc3 d4 19. exd4 Qxd4 20. Rxe8+
Rxe8 21. Rc1 Ne4 22. Qe2 Re6 23. Bb2 Qb4 24. a3 Qb7 25. Rd1 h6 26. Qd3 Qe7 27.
Qd8+ Qxd8 28. Rxd8+ Kh7 29. Bxe4+ Rxe4 30. Bc3 Re2 31. Rd1 Rc2 32. Be5 Ra2 33.
Bd6 1/2-1/2

[Event "Amsterdam IBM I"]
[Site "?"]
[Date "1980.??.??"]
[Round "1"]
[White "Smejkal, Jan"]
[Black "Bohm, Hans"]
[Result "0-1"]
[WhiteElo "2565"]
[BlackElo "2430"]
[PlyCount "77"]
[EventDate "1980.??.??"]

1. Nf3 Nf6 2. g3 d5 3. Bg2 c6 4. O-O Bf5 5. b3 Nbd7 6. Bb2 e6 7. d3 h6 8. Nbd2
Bh7 9. Qe1 Be7 10. e4 O-O 11. Qe2 a5 12. a4 Qb8 13. Kh1 Bb4 14. Nh4 b5 15. e5
Ne8 16. f4 Be7 17. f5 Bxh4 18. fxe6 fxe6 19. gxh4 Nc7 20. Nf3 c5 21. h5 Qd8 22.
axb5 Nxb5 23. c4 Nc7 24. Bc3 Ra6 25. Rxa5 d4 26. Be1 Rb6 27. Ra3 Rb8 28. Ba5
Qc8 29. Nh4 Rxf1+ 30. Bxf1 Nf8 31. Bg2 Na6 32. Bd2 Nb4 33. Ra7 Nxd3 34. Kg1 Nd7
35. Qg4 N3xe5 36. Qxe6+ Kh8 37. Ng6+ Bxg6 38. hxg6 Qe8 39. Qxe8+ 0-1

[Event "Amsterdam IBM I"]
[Site "?"]
[Date "1980.??.??"]
[Round "2"]
[White "Bohm, Hans"]
[Black "Rogoff, Kenneth"]
[Result "1-0"]
[WhiteElo "2430"]
[BlackElo "2520"]
[PlyCount "79"]
[EventDate "1980.??.??"]

1. d4 Nf6 2. c4 c5 3. Nf3 cxd4 4. Nxd4 e6 5. Nc3 Nc6 6. Ndb5 d5 7. Bf4 e5 8.
cxd5 exf4 9. dxc6 bxc6 10. Qxd8+ Kxd8 11. Rd1+ Bd7 12. Nd6 Rb8 13. Nxf7+ Ke8
14. Nd6+ Bxd6 15. Rxd6 Rxb2 16. Rd2 Rxd2 17. Kxd2 Ng4 18. f3 Ne3 19. g3 g5 20.
h4 h6 21. hxg5 Nxf1+ 22. Rxf1 fxg3 23. Rg1 hxg5 24. Rxg3 g4 25. fxg4 Kf7 26.
Ke3 Rb8 27. Kf4 Rb2 28. Kg5 Be6 29. Rf3+ Kg7 30. Re3 Bxa2 31. Re7+ Bf7 32. Rxa7
Rc2 33. Ne4 Rxe2 34. Nd6 Rf2 35. Nf5+ Kg8 36. Kf6 Bd5 37. g5 Ra2 38. Rd7 Ra8
39. Nh6+ Kf8 40. Rh7 1-0

[Event "Amsterdam IBM I"]
[Site "?"]
[Date "1980.??.??"]
[Round "2"]
[White "Borm, Frans"]
[Black "Smejkal, Jan"]
[Result "0-1"]
[WhiteElo "2355"]
[BlackElo "2565"]
[PlyCount "110"]
[EventDate "1980.??.??"]

1. e4 e5 2. Nf3 Nc6 3. Bc4 Nf6 4. d3 Be7 5. Nc3 d6 6. Nd5 Nxd5 7. exd5 Nb8 8.
O-O Bg4 9. Re1 O-O 10. d4 exd4 11. Qxd4 Bxf3 12. gxf3 Nd7 13. f4 Bf6 14. Qd1
Nc5 15. c3 Qd7 16. Qf3 Rfe8 17. Bd2 Qf5 18. Rxe8+ Rxe8 19. Re1 Rxe1+ 20. Bxe1
Be5 21. b4 Ne4 22. Bd3 Ng5 23. Qg3 Qxf4 24. Qxf4 Nh3+ 25. Kf1 Nxf4 26. Be4 g6
27. c4 f5 28. Bc2 Kf7 29. Bd2 Kf6 30. a4 g5 31. a5 g4 32. b5 Ng6 33. b6 cxb6
34. axb6 axb6 35. Be3 Bxh2 36. Bxb6 Ne5 37. c5 dxc5 38. Bxc5 Nc4 39. Bd3 Nd6
40. Kg2 Be5 41. Bb6 Nf7 42. Bb5 h5 43. Bd7 h4 44. Kg1 h3 45. Bc5 Nd6 46. Bb6
Kg5 47. Bc5 Ne4 48. Bb6 Bd6 49. Bc8 Bc5 50. Bxc5 Nxc5 51. d6 b5 52. d7 Ne6 53.
Ba6 b4 54. Bc4 Nd8 55. Bb3 f4 0-1

[Event "Amsterdam IBM I"]
[Site "?"]
[Date "1980.??.??"]
[Round "2"]
[White "Ligterink, Gert"]
[Black "Panno, Oscar"]
[Result "1/2-1/2"]
[WhiteElo "2455"]
[BlackElo "2540"]
[PlyCount "50"]
[EventDate "1980.??.??"]

1. e4 c5 2. Nf3 e6 3. d4 cxd4 4. Nxd4 Nf6 5. Nc3 d6 6. f4 a6 7. Be3 b5 8. Qf3
Bb7 9. Bd3 Nbd7 10. g4 b4 11. Nce2 e5 12. Nb3 d5 13. Ng3 Be7 14. O-O-O Qc7 15.
g5 dxe4 16. Nxe4 Nxe4 17. Bxe4 Bxe4 18. Qxe4 O-O 19. f5 Rfd8 20. Rhg1 Bf8 21.
f6 a5 22. fxg7 Bxg7 23. Nd2 Rac8 24. Nf3 Nc5 25. Bxc5 Qxc5 1/2-1/2

[Event "Amsterdam IBM I"]
[Site "?"]
[Date "1980.??.??"]
[Round "2"]
[White "Ree, Hans"]
[Black "Unzicker, Wolfgang"]
[Result "1/2-1/2"]
[WhiteElo "2520"]
[BlackElo "2510"]
[PlyCount "64"]
[EventDate "1980.??.??"]

1. d4 Nf6 2. c4 e6 3. Nf3 b6 4. Nc3 Bb7 5. a3 d5 6. cxd5 exd5 7. g3 Be7 8. Bg2
O-O 9. O-O Nbd7 10. Bf4 c6 11. b4 Re8 12. Qb3 Nf8 13. Rad1 Ng6 14. Be5 Ng4 15.
h3 N4xe5 16. Nxe5 Nxe5 17. dxe5 Qc7 18. f4 Rad8 19. e3 a6 20. a4 b5 21. axb5
axb5 22. Ne2 Bf8 23. Nd4 Ra8 24. e4 Ra4 25. Nc2 dxe4 26. Bxe4 c5 27. Bxb7 Qxb7
28. bxc5 Bxc5+ 29. Kh2 Rc4 30. Rd2 Rc8 31. Ne3 Bxe3 32. Qxe3 Rc2 1/2-1/2

[Event "Amsterdam IBM I"]
[Site "?"]
[Date "1980.??.??"]
[Round "3"]
[White "Hofland, Leo"]
[Black "Langeweg, Kick"]
[Result "1/2-1/2"]
[WhiteElo "2300"]
[BlackElo "2425"]
[PlyCount "43"]
[EventDate "1980.??.??"]

1. Nf3 Nf6 2. g3 d5 3. Bg2 c6 4. O-O Bf5 5. d3 e6 6. b3 Be7 7. Bb2 h6 8. Nbd2
O-O 9. c4 Nbd7 10. Rc1 Bh7 11. Rc2 a5 12. Ne5 a4 13. Nxd7 Qxd7 14. Qa1 Rfd8 15.
cxd5 exd5 16. Bd4 Ne8 17. bxa4 Rxa4 18. Nb3 Rda8 19. Rb1 Bf5 20. Nc5 Bxc5 21.
Bxc5 Be6 22. Qb2 1/2-1/2

[Event "Amsterdam IBM I"]
[Site "?"]
[Date "1980.??.??"]
[Round "3"]
[White "Sznapik, Aleksander"]
[Black "Ligterink, Gert"]
[Result "1/2-1/2"]
[WhiteElo "2460"]
[BlackElo "2455"]
[PlyCount "47"]
[EventDate "1980.??.??"]

1. e4 c5 2. Nf3 Nc6 3. d4 cxd4 4. Nxd4 Nf6 5. Nc3 e5 6. Ndb5 d6 7. Bg5 a6 8.
Na3 Be6 9. Nc4 Rc8 10. Bd3 Be7 11. O-O O-O 12. Ne3 Ng4 13. Bxe7 Nxe3 14. Bxd8
Nxd1 15. Rfxd1 Rfxd8 16. Rd2 Kf8 17. Rad1 Ke7 18. f3 g6 19. Kf2 Rc7 20. a3 Na5
21. Be2 Nc4 22. Bxc4 Rxc4 23. Rd3 Rc6 24. Ke3 1/2-1/2

[Event "Amsterdam IBM I"]
[Site "?"]
[Date "1980.??.??"]
[Round "4"]
[White "Bohm, Hans"]
[Black "Sznapik, Aleksander"]
[Result "1-0"]
[WhiteElo "2430"]
[BlackElo "2460"]
[PlyCount "68"]
[EventDate "1980.??.??"]

1. c4 g6 2. Nc3 Bg7 3. g3 d6 4. Bg2 e5 5. e3 Nf6 6. Nge2 O-O 7. d4 Nc6 8. b3
exd4 9. exd4 Bf5 10. O-O Re8 11. a3 Qd7 12. Be3 Bh3 13. d5 Bxg2 14. Kxg2 Ne7
15. Qd3 Nf5 16. Bf4 Re7 17. Rae1 Rae8 18. Bd2 Ng4 19. Ng1 Ne5 20. Qe4 h6 21. h3
g5 22. a4 Kh8 23. Qb1 Nd4 24. Nb5 Nf5 25. Nxc7 Nxg3 26. fxg3 Qxc7 27. Bc3 Qd7
28. Qc2 Kg8 29. Re2 g4 30. Bxe5 Rxe5 31. h4 Rxe2+ 32. Nxe2 Re3 33. Rf4 Qe7 34.
Kf2 Rc3 1-0

[Event "Amsterdam IBM I"]
[Site "?"]
[Date "1980.??.??"]
[Round "4"]
[White "Borm, Frans"]
[Black "Panno, Oscar"]
[Result "1-0"]
[WhiteElo "2355"]
[BlackElo "2540"]
[PlyCount "63"]
[EventDate "1980.??.??"]

1. e4 c5 2. Nf3 e6 3. d4 cxd4 4. Nxd4 a6 5. Be2 Nf6 6. Nc3 d6 7. O-O Nc6 8. Be3
Be7 9. f4 O-O 10. Qe1 Bd7 11. Qg3 b5 12. a3 Qc7 13. Kh1 Rab8 14. e5 Ne8 15. Bd3
b4 16. Ne4 bxa3 17. bxa3 g6 18. Nf3 f5 19. exd6 Nxd6 20. Nc5 Bc8 21. Ng5 Bxg5
22. Qxg5 a5 23. Qg3 Re8 24. Rfe1 Ne7 25. Bd4 Nd5 26. c4 Nb6 27. Rac1 Qc6 28.
Qh4 Rf8 29. Nxe6 Bb7 30. Bf1 Ne4 31. Nxf8 Rxf8 32. Qe7 1-0

[Event "Amsterdam IBM I"]
[Site "?"]
[Date "1980.??.??"]
[Round "4"]
[White "Langeweg, Kick"]
[Black "Unzicker, Wolfgang"]
[Result "1/2-1/2"]
[WhiteElo "2425"]
[BlackElo "2510"]
[PlyCount "33"]
[EventDate "1980.??.??"]

1. Nf3 Nf6 2. c4 b6 3. g3 Bb7 4. d4 e6 5. Bg2 Be7 6. O-O O-O 7. Nc3 Ne4 8. Nxe4
Bxe4 9. Nh4 Bxg2 10. Nxg2 d5 11. Qa4 dxc4 12. Qxc4 c5 13. Be3 cxd4 14. Bxd4 Qc8
15. Rac1 Nd7 16. Nf4 Nf6 17. Nd3 1/2-1/2

[Event "Amsterdam IBM I"]
[Site "?"]
[Date "1980.??.??"]
[Round "4"]
[White "Ligterink, Gert"]
[Black "Hofland, Leo"]
[Result "1-0"]
[WhiteElo "2455"]
[BlackElo "2300"]
[PlyCount "80"]
[EventDate "1980.??.??"]

1. d4 Nf6 2. c4 g6 3. Nc3 Bg7 4. e4 d6 5. Be2 O-O 6. Bg5 Nbd7 7. Qd2 c6 8. Nf3
e5 9. O-O exd4 10. Nxd4 Qe7 11. Rad1 Nc5 12. Rfe1 Re8 13. Bf3 Ne6 14. Nxe6 Bxe6
15. c5 Qf8 16. cxd6 Nd7 17. Be7 Rxe7 18. dxe7 Qxe7 19. Nd5 Qh4 20. Qf4 Qxf4 21.
Nxf4 Nf8 22. Nxe6 Nxe6 23. e5 h5 24. g3 a5 25. Bg2 Ra6 26. f4 Rb6 27. b3 Bf8
28. Bh3 Nd4 29. Kg2 Bb4 30. e6 fxe6 31. Bxe6+ Kg7 32. Re4 c5 33. Bc4 Kf6 34. a4
Bc3 35. Rd3 Bb2 36. Rde3 Bc1 37. Re7 g5 38. Rf7+ Kg6 39. Ree7 Nf5 40. Bd3 Rf6
1-0

[Event "Amsterdam IBM I"]
[Site "?"]
[Date "1980.??.??"]
[Round "4"]
[White "Smejkal, Jan"]
[Black "Rogoff, Kenneth"]
[Result "0-1"]
[WhiteElo "2565"]
[BlackElo "2520"]
[PlyCount "78"]
[EventDate "1980.??.??"]

1. c4 e5 2. Nc3 d6 3. d4 exd4 4. Qxd4 Nc6 5. Qd2 Nf6 6. g3 Be6 7. Nd5 Ne5 8. b3
Ne4 9. Qe3 Nc5 10. Bb2 c6 11. Nf4 Be7 12. Nxe6 Nxe6 13. Bh3 Bf6 14. Bxe6 fxe6
15. Nh3 O-O 16. O-O Qb6 17. Qe4 d5 18. Qc2 Rae8 19. Rad1 Ng4 20. Bxf6 Nxf6 21.
Ng5 h6 22. Nf3 Ne4 23. Qb2 Rf6 24. Kg2 Ref8 25. Qd4 Qxd4 26. Rxd4 g5 27. h3 Kg7
28. g4 Rf4 29. cxd5 exd5 30. b4 Nc3 31. Rd2 Rxb4 32. Nd4 Kg6 33. Nf5 Re8 34. e3
a5 35. Rc1 Ne4 36. Rd4 Rb2 37. Ra4 Rxf2+ 38. Kg1 Rb2 39. Rxa5 Nf2 0-1

[Event "Amsterdam IBM I"]
[Site "?"]
[Date "1980.??.??"]
[Round "5"]
[White "Rogoff, Kenneth"]
[Black "Ree, Hans"]
[Result "0-1"]
[WhiteElo "2520"]
[BlackElo "2520"]
[PlyCount "71"]
[EventDate "1980.??.??"]

1. c4 g6 2. d4 Nf6 3. Nf3 Bg7 4. g3 O-O 5. Bg2 c5 6. O-O cxd4 7. Nxd4 Nc6 8.
Nc3 Nxd4 9. Qxd4 d6 10. Qd3 a6 11. Bd2 Rb8 12. a4 a5 13. b3 Nd7 14. Rad1 Nc5
15. Qc2 Bd7 16. Nd5 Re8 17. Rfe1 b6 18. h4 Bf5 19. e4 Bg4 20. f3 Bd7 21. Be3 f5
22. h5 fxe4 23. hxg6 hxg6 24. fxe4 Bg4 25. Rd2 Nd7 26. Rf1 Ne5 27. Rdf2 Be6 28.
Qe2 Qd7 29. Nf4 Bg4 30. Qd2 Kh7 31. Bh3 g5 32. Rh2 Kg8 33. Qg2 Rf8 34. Kf2 Bxh3
35. Qxh3 Qxh3 36. Rxh3 0-1

[Event "Amsterdam IBM I"]
[Site "?"]
[Date "1980.??.??"]
[Round "5"]
[White "Sznapik, Aleksander"]
[Black "Borm, Frans"]
[Result "1-0"]
[WhiteElo "2460"]
[BlackElo "2355"]
[PlyCount "85"]
[EventDate "1980.??.??"]

1. e4 e5 2. Nf3 Nc6 3. Bb5 a6 4. Ba4 Nf6 5. O-O Be7 6. Re1 b5 7. Bb3 d6 8. c3
O-O 9. h3 Nb8 10. d4 Nbd7 11. Nbd2 Bb7 12. Bc2 Re8 13. a4 Bf8 14. b4 Nb6 15. a5
Nbd7 16. Bb2 g6 17. Qb1 Nh5 18. Qa2 c5 19. Rad1 Qc7 20. bxc5 dxc5 21. Nxe5 Nxe5
22. dxe5 Qxe5 23. c4 Qc7 24. Nf1 Rad8 25. Rxd8 Qxd8 26. cxb5 axb5 27. a6 Ba8
28. Ne3 c4 29. Ba1 Qb6 30. Rd1 Rd8 31. Rxd8 Qxd8 32. Bd1 Nf4 33. Bf3 Ne6 34.
Nd5 Bg7 35. Bxg7 Nxg7 36. a7 Ne6 37. Qa1 Ng5 38. Qe5 Nxf3+ 39. gxf3 f5 40. Qb8
Qf8 41. Qxb5 fxe4 42. fxe4 Kg7 43. Qxc4 1-0

[Event "Amsterdam IBM I"]
[Site "?"]
[Date "1980.??.??"]
[Round "5"]
[White "Van Wijgerden, Cor"]
[Black "Langeweg, Kick"]
[Result "1/2-1/2"]
[WhiteElo "2435"]
[BlackElo "2425"]
[PlyCount "67"]
[EventDate "1980.??.??"]

1. e4 c5 2. d4 cxd4 3. c3 Nf6 4. e5 Nd5 5. Nf3 d6 6. cxd4 Nc6 7. Bc4 Nb6 8. Bb5
dxe5 9. Nxe5 Bd7 10. Bxc6 Bxc6 11. Nxc6 bxc6 12. O-O g6 13. Re1 Bg7 14. Bg5 Nc8
15. Qa4 O-O 16. Qxc6 Rb8 17. Qc2 Qb6 18. Bc1 Nd6 19. Nc3 Nf5 20. d5 Rfc8 21.
Qd3 Qd4 22. Qe2 Qb4 23. Bd2 Qxb2 24. Rab1 Qa3 25. Rxb8 Rxb8 26. Qe4 Nd6 27. Qa4
Qc5 28. Ne4 Qxd5 29. Bf4 Qd4 30. Qa5 Rc8 31. Nxd6 exd6 32. Be3 Qc3 33. Qxc3
Rxc3 34. Bxa7 1/2-1/2

[Event "Amsterdam IBM I"]
[Site "?"]
[Date "1980.??.??"]
[Round "6"]
[White "Ligterink, Gert"]
[Black "Van Wijgerden, Cor"]
[Result "1-0"]
[WhiteElo "2455"]
[BlackElo "2435"]
[PlyCount "63"]
[EventDate "1980.??.??"]

1. d4 Nf6 2. c4 e6 3. Nc3 c5 4. d5 exd5 5. cxd5 d6 6. e4 g6 7. Bd3 Bg7 8. Nge2
O-O 9. O-O b6 10. Bg5 Ba6 11. f4 Bxd3 12. Qxd3 Nbd7 13. Kh1 a6 14. a4 Qc7 15.
Rad1 Rfe8 16. Ng3 c4 17. Qf3 b5 18. axb5 axb5 19. Nxb5 Qb6 20. Nxd6 Qxd6 21. e5
Qb6 22. exf6 Nxf6 23. d6 Nd7 24. f5 Qb5 25. fxg6 fxg6 26. Be7 Ne5 27. Qe2 Nc6
28. Qe6+ Kh8 29. d7 Rg8 30. Ne4 Nd8 31. Nd6 Nxe6 32. Nf7# 1-0

[Event "Amsterdam IBM I"]
[Site "?"]
[Date "1980.??.??"]
[Round "6"]
[White "Ree, Hans"]
[Black "Langeweg, Kick"]
[Result "1/2-1/2"]
[WhiteElo "2520"]
[BlackElo "2425"]
[PlyCount "112"]
[EventDate "1980.??.??"]

1. e4 c5 2. Nf3 e6 3. c3 d5 4. exd5 Qxd5 5. d4 Nf6 6. Na3 Be7 7. Nb5 Na6 8. c4
Qd8 9. Be2 O-O 10. O-O cxd4 11. Bf4 Ne8 12. Qxd4 Qxd4 13. Nfxd4 f6 14. Nb3 Nb4
15. a3 Nc6 16. Bf3 g5 17. Be3 a6 18. Bxc6 bxc6 19. Na7 c5 20. Nc6 Bd6 21. Nxc5
Rf7 22. b4 Ng7 23. f3 e5 24. Rfd1 Bc7 25. a4 g4 26. a5 gxf3 27. gxf3 Bh3 28.
Kh1 Nf5 29. Bf2 Nd6 30. Rg1+ Kh8 31. Rac1 Bf5 32. Be3 h5 33. Bf2 Kh7 34. Bg3
Bh3 35. Rgd1 Rg7 36. Rg1 Rf7 37. Bh4 Nf5 38. Bf2 Nd6 39. Rg3 Bf5 40. Be3 Kh8
41. Rg2 Bh3 42. Rg6 Nf5 43. Bd2 Nd6 44. Rh6+ Rh7 45. Rxh7+ Kxh7 46. Ne7 Bd8 47.
Nd5 Ra7 48. Ne4 Nxe4 49. fxe4 f5 50. Rc3 Bg4 51. h3 Be2 52. exf5 Rg7 53. Be1 e4
54. f6 Rg8 55. Nf4 Bf3+ 56. Rxf3 exf3 1/2-1/2

[Event "Amsterdam IBM I"]
[Site "?"]
[Date "1980.??.??"]
[Round "6"]
[White "Rogoff, Kenneth"]
[Black "Panno, Oscar"]
[Result "1/2-1/2"]
[WhiteElo "2520"]
[BlackElo "2540"]
[PlyCount "51"]
[EventDate "1980.??.??"]

1. c4 e5 2. Nc3 Nc6 3. Nf3 Nf6 4. g3 d5 5. cxd5 Nxd5 6. Bg2 Nb6 7. O-O Be7 8.
a3 a5 9. d3 O-O 10. Be3 Be6 11. Na4 Nd5 12. Bc5 Bd6 13. Rc1 h6 14. d4 e4 15.
Ne5 f5 16. Nxc6 bxc6 17. e3 Qd7 18. Qc2 Rab8 19. Ba7 Rb7 20. Nc5 Bxc5 21. Bxc5
Rfb8 22. Rb1 a4 23. Rfc1 Rb3 24. Bf1 Nf6 25. Bb4 Bd5 26. Bc4 1/2-1/2

[Event "Amsterdam IBM I"]
[Site "?"]
[Date "1980.??.??"]
[Round "6"]
[White "Smejkal, Jan"]
[Black "Sznapik, Aleksander"]
[Result "1/2-1/2"]
[WhiteElo "2565"]
[BlackElo "2460"]
[PlyCount "147"]
[EventDate "1980.??.??"]

1. Nf3 Nf6 2. c4 g6 3. d4 Bg7 4. g3 O-O 5. Bg2 d6 6. O-O Nc6 7. Nc3 a6 8. h3
Rb8 9. e4 Nd7 10. Bg5 Na5 11. b3 c5 12. Qd2 Nc6 13. d5 Nd4 14. Nxd4 Bxd4 15.
Rac1 b5 16. cxb5 axb5 17. b4 Ne5 18. Ne2 Bxh3 19. Nxd4 cxd4 20. Qxd4 Bxg2 21.
Kxg2 f6 22. Bh6 Re8 23. Bf4 Ra8 24. Bxe5 fxe5 25. Qd2 Rf8 26. Rc6 Ra3 27. Qe2
Qa8 28. Rc7 Qe8 29. Rfc1 Qf7 30. R1c3 Rfa8 31. Rc2 h5 32. R7c3 Kg7 33. Qxb5 h4
34. Qe2 hxg3 35. fxg3 Qf6 36. Qf3 Rxa2 37. Qxf6+ Kxf6 38. b5 Rxc2+ 39. Rxc2 Rb8
40. Rb2 Rb6 41. Kf3 e6 42. dxe6 Kxe6 43. Ke3 Kd7 44. Kf3 Ke6 45. Rb3 Ke7 46.
Ke3 Kd7 47. Kf3 Ke6 48. Ke2 Kd7 49. Ke3 Rb8 50. Kf3 Rb6 51. Kg4 Ke6 52. Kf3 Kd7
53. Rb1 Ke6 54. Ke2 Kd7 55. Rb3 Rb8 56. Kd3 g5 57. Kc4 Rc8+ 58. Kb4 Rc1 59. Rc3
Rb1+ 60. Ka5 Ra1+ 61. Kb6 Ra4 62. Re3 d5 63. exd5 Kd6 64. Rb3 Ra8 65. Kb7 Re8
66. b6 e4 67. Ka7 e3 68. b7 e2 69. Rb1 Kxd5 70. b8=Q Rxb8 71. Kxb8 Ke4 72. Kc7
Kf3 73. Kd6 Kxg3 74. Ke5 1/2-1/2

[Event "Amsterdam IBM I"]
[Site "?"]
[Date "1980.??.??"]
[Round "7"]
[White "Hofland, Leo"]
[Black "Smejkal, Jan"]
[Result "1/2-1/2"]
[WhiteElo "2300"]
[BlackElo "2565"]
[PlyCount "100"]
[EventDate "1980.??.??"]

1. c4 e5 2. Nc3 d6 3. d4 exd4 4. Qxd4 Nc6 5. Qd2 Nf6 6. b3 Be6 7. e4 a5 8. Bd3
g6 9. Bb2 Bg7 10. Nge2 O-O 11. O-O Nd7 12. Nd5 Bxb2 13. Qxb2 Nce5 14. Qd2 Nc5
15. Bc2 Re8 16. Rfe1 Bxd5 17. exd5 Qf6 18. h3 Re7 19. Qc3 Rae8 20. Kf1 Qh4 21.
Qg3 Qxg3 22. Nxg3 f5 23. Rad1 Kf8 24. f4 Ned7 25. Rxe7 Rxe7 26. Re1 Na6 27.
Rxe7 Kxe7 28. Ne2 a4 29. g4 Nb4 30. Bb1 fxg4 31. hxg4 a3 32. Nd4 Nc5 33. Nb5
Ncd3 34. Nxc7 Nxf4 35. Nb5 Nfd3 36. Nxa3 Ne5 37. Nc2 Nxc2 38. Bxc2 Nxg4 39. Ke2
Ne5 40. Ke3 h5 41. Bd1 h4 42. Be2 g5 43. b4 b6 44. a4 g4 45. Kf2 Kd8 46. Kg2 g3
47. Bf1 Ng4 48. Kf3 Ne5+ 49. Kg2 Ng4 50. Kf3 Ne5+ 1/2-1/2

[Event "Amsterdam IBM I"]
[Site "?"]
[Date "1980.??.??"]
[Round "7"]
[White "Langeweg, Kick"]
[Black "Ligterink, Gert"]
[Result "1-0"]
[WhiteElo "2425"]
[BlackElo "2455"]
[PlyCount "81"]
[EventDate "1980.??.??"]

1. Nf3 Nf6 2. c4 g6 3. Nc3 Bg7 4. e4 d6 5. d4 O-O 6. Be3 c5 7. h3 cxd4 8. Nxd4
Nc6 9. Be2 Bd7 10. Nf3 Rc8 11. Rc1 a6 12. O-O Na5 13. e5 dxe5 14. Nxe5 Nc6 15.
Nxd7 Nxd7 16. Qd2 e5 17. Bf3 Rb8 18. Bxc6 bxc6 19. Qd6 Qc8 20. b3 Rd8 21. Qe7
Bf6 22. Qa3 Bg7 23. Rfd1 Bf8 24. c5 f5 25. f3 Qc7 26. Qxa6 Nxc5 27. Qc4+ Qf7
28. Qe2 Ne6 29. Na4 Rxd1+ 30. Qxd1 Rd8 31. Qe2 Nd4 32. Qc4 c5 33. Nxc5 Rc8 34.
Bxd4 exd4 35. Qxf7+ Kxf7 36. Nd3 Rc3 37. Rxc3 dxc3 38. Ne1 Ke6 39. Kf2 Ke5 40.
Ke3 Bh6+ 41. Kd3 1-0

[Event "Amsterdam IBM I"]
[Site "?"]
[Date "1980.??.??"]
[Round "7"]
[White "Panno, Oscar"]
[Black "Ree, Hans"]
[Result "1/2-1/2"]
[WhiteElo "2540"]
[BlackElo "2520"]
[PlyCount "26"]
[EventDate "1980.??.??"]

1. c4 g6 2. Nf3 Bg7 3. Nc3 c5 4. g3 Nc6 5. Bg2 e6 6. O-O Nge7 7. e3 O-O 8. d4
cxd4 9. Nxd4 Nxd4 10. exd4 d5 11. cxd5 Nxd5 12. Nxd5 exd5 13. Be3 Be6 1/2-1/2

[Event "Amsterdam IBM I"]
[Site "?"]
[Date "1980.??.??"]
[Round "7"]
[White "Sznapik, Aleksander"]
[Black "Rogoff, Kenneth"]
[Result "1/2-1/2"]
[WhiteElo "2460"]
[BlackElo "2520"]
[PlyCount "32"]
[EventDate "1980.??.??"]

1. e4 e5 2. Nf3 Nf6 3. Nxe5 d6 4. Nf3 Nxe4 5. d4 d5 6. Bd3 Be7 7. O-O Nc6 8. c3
Bf5 9. Re1 O-O 10. Qc2 Bd6 11. Nbd2 Nxd2 12. Bxd2 Bxd3 13. Qxd3 Qd7 14. Ng5 g6
15. Nf3 a6 16. Bg5 Rfe8 1/2-1/2

[Event "Amsterdam IBM I"]
[Site "?"]
[Date "1980.??.??"]
[Round "7"]
[White "Unzicker, Wolfgang"]
[Black "Borm, Frans"]
[Result "1-0"]
[WhiteElo "2510"]
[BlackElo "2355"]
[PlyCount "81"]
[EventDate "1980.??.??"]

1. e4 e5 2. Nf3 Nc6 3. Bb5 a6 4. Ba4 Nf6 5. O-O Be7 6. Re1 b5 7. Bb3 d6 8. c3
O-O 9. h3 Nb8 10. d4 Nbd7 11. Nbd2 Bb7 12. Bc2 Re8 13. a4 Bf8 14. b3 d5 15.
dxe5 Nxe4 16. Nxe4 dxe4 17. Bxe4 Bxe4 18. Rxe4 Nxe5 19. Bf4 Qxd1+ 20. Rxd1
Nxf3+ 21. gxf3 c5 22. Rxe8 Rxe8 23. Kf1 h6 24. Rd7 g5 25. Bd6 c4 26. Bxf8 Kxf8
27. axb5 cxb3 28. bxa6 Ra8 29. Rb7 Rxa6 30. Rxb3 Re6 31. Rb4 Ke7 32. Re4 Kd6
33. Rxe6+ Kxe6 34. Ke2 Kd5 35. Kd3 h5 36. f4 gxf4 37. h4 f3 38. c4+ Kc5 39. Kc3
Kc6 40. Kd4 Kd6 41. c5+ 1-0

[Event "Amsterdam IBM I"]
[Site "?"]
[Date "1980.??.??"]
[Round "8"]
[White "Bohm, Hans"]
[Black "Langeweg, Kick"]
[Result "1/2-1/2"]
[WhiteElo "2430"]
[BlackElo "2425"]
[PlyCount "113"]
[EventDate "1980.??.??"]

1. f4 g6 2. g3 Bg7 3. Bg2 c5 4. e4 Nc6 5. d3 d6 6. Nf3 e5 7. c3 Nge7 8. O-O O-O
9. Be3 exf4 10. Bxf4 d5 11. Nbd2 h6 12. Qc2 Be6 13. Be3 b6 14. Rad1 Qd7 15. d4
cxd4 16. Nxd4 Nxd4 17. Bxd4 Bxd4+ 18. cxd4 Rac8 19. Qd3 Qa4 20. exd5 Nxd5 21.
Be4 Kg7 22. a3 Rfd8 23. Nf3 Qc4 24. Qxc4 Rxc4 25. Ne5 Rc7 26. Rc1 Rdc8 27. Rxc7
Rxc7 28. Kf2 g5 29. Rd1 Nf6 30. Bb1 Bb3 31. Re1 Kf8 32. Ke3 Be6 33. Kd2 Nd5 34.
Be4 f6 35. Nd3 Rc4 36. Bxd5 Bxd5 37. Ke3 a5 38. Re2 Rc7 39. Rf2 Ke7 40. Kd2 Bb3
41. Ne1 Rc6 42. Rf3 Bd5 43. Rc3 Be4 44. Rxc6 Bxc6 45. Nc2 h5 46. Ne3 Kd6 47.
Nc4+ Kc7 48. Ke3 Bd5 49. Nd2 Kd6 50. Nb1 Ke6 51. Nc3 Bc6 52. b4 axb4 53. axb4
Kd6 54. Kd3 Bg2 55. Na4 Kc6 56. Nc3 Kd6 57. Ke3 1/2-1/2